000 01061nam a22002537a 4500
005 20170124102938.0
010 _aB-241221
020 _c200.00
_a818845737
035 _aB-241221
037 _bCen Lib/Ret
040 _aDPL
_bHN
082 _a827
_bगर्गमु
100 _aगर्ग, मुदुला
_9210
245 _aक्र लेंगें सब हजम /
_cमुदुला गर्ग
246 _aKar lenge sb hazam /
_bby Mudula Garg
260 _aनई दिल्ली
_bकल्याण शिक्षा परिषद
_c2007
270 _bनई दिल्ली
_a3320-21, जटवाडा, दरियागंज
_e110002
300 _a207पृ.
_c20सेमी(सजिल्द)
650 _aहिन्दी साहित्य
_947434
650 _aहिन्दी साहित्य -- कहानियां
_947435
650 _aHindi literature
_947436
650 _aHindi literature -- Stories
_947437
942 _2ddc
_cHN
_h827
_mगर्गमु
999 _c112434
_d112434